00325nam a2200121Ia 4500008004100000041000800041082001200049100002200061245004100083260003900124300002900163365001100192240624s9999 xx 000 0 und d aeng a330 MEN aMENON N R MADHAVA aLEGAL DIMENSIONS OF ECONOMIC REFORMS c1997aNew DelhibAllied Publishers axiii, : 329p. : cm. ; 25 cRSb30